Metallica - If Darkness Had a Son - Statistics

General Stats
  • This quiz has been taken 5 times
  • The average score is 138 of 184
Answer Stats
Answer % Correct
a
100%
am
100%
am)
100%
darkness
100%
father
100%
had
100%
He
100%
here
100%
(here
100%
his
100%
I
100%
If
100%
is
100%
So
100%
son,
100%
son
100%
Temptation
100%
Temptation,
100%
again
50%
as
50%
bathe
50%
be
50%
beast
50%
behind
50%
black
50%
burning
50%
children
50%
craving
50%
darkest
50%
desire
50%
Dragging
50%
eyes
50%
fire,
50%
for
50%
harvest
50%
Hide
50%
holy
50%
home
50%
in
50%
In
50%
It’s
50%
leave
50%
Manipulated,
50%
me
50%
misbehaving
50%
nightmares
50%
paint
50%
propagated
50%
quenchless
50%
Return
50%
shouts
50%
sorrow
50%
still
50%
stokes
50%
subjugated
50%
The
50%
the
50%
to
50%
tomorrow
50%
unforgiving
50%
water
50%
what
50%
where
50%
yearning
50%
your
50%
yourself
50%
all
0%
And
0%
captivation
0%
domination,
0%
ending
0%
heathen
0%
infiltration
0%
never-
0%
search
0%
this
0%
No matching quizzes found
Score Distribution
Percent of People with Each Score
Percentile by Number Answered
Your Score History
You have not taken this quiz